It looks like you're offline.
Open Library logo
additional options menu

MARC Record from Scriblio

Record ID marc_records_scriblio_net/part14.dat:53994388:755
Source Scriblio
Download Link /show-records/marc_records_scriblio_net/part14.dat:53994388:755?format=raw

LEADER: 00755cam 2200253 a 4500
001 2002283681
003 DLC
005 20020827081032.0
008 020621s2002 enk b 001 0 eng
010 $a 2002283681
035 $a(OCoLC)ocm46651899
040 $aUKM$cUKM$dCUS$dDLC
042 $alccopycat
015 $aGBA1-Y4265
020 $a0198742118
050 00 $aHQ1075.5.G7$bC53 2002
082 00 $a305.3/0941$221
100 1 $aCharles, Nickie.
245 10 $aGender in modern Britain /$cNickie Charles.
260 $aOxford ;$aNew York :$bOxford University Press,$c2002.
300 $axvi, 216 p. ;$c24 cm.
440 0 $aOxford modern Britain
504 $aIncludes bibliographical references (p. [189]-213) and index.
650 0 $aSex role$zGreat Britain.